| 000 | 00505nmc a2200205 a 4500 | ||
|---|---|---|---|
| 003 | AR-X00000XY | ||
| 005 | 20251128212003.0 | ||
| 008 | 067020s1954 ||||||||||||||000 | spa|| | ||
| 040 | _cAR-X00000XY | ||
| 100 | 1 | _aGeorge, Stefan | |
| 245 | 1 | 0 | _aPeregrinajes |
| 260 |
_aMadrid _bEdiciones Rialp _c1954 |
||
| 300 | 0 |
_a55 p. _blám. |
|
| 490 | 0 |
_aAdonais _v105 |
|
| 655 | _aLITERATURA | ||
| 700 | 1 |
_aPintó, Alfonso _etraductor |
|
| 700 | 1 |
_aBalet, Jaime _etraductor |
|
| 942 | _cBK | ||
| 998 | _cmartin | ||
| 999 |
_c21922 _d21922 |
||